00295 a2200109 4500001000700000020000600007040001100013100003100024240006300055245005800118362000900176169099 a  cMagnum aWarde, Mirian Jorge (Org.)10aNovas politicas educacionais: criticas e perspectivaslpor10aNovas politicas educacionais: criticas e perspectivas0 a1899